000 01385cam a2200313Ka 4500
001 droughtonziaxiia00morr
003 CaSfIA
005 20210118003215.0
007 cr||||
008 821105r1978uuuunyu j 000 0 eng d
040 _aOPW
_cOPW
_dOCLCQ
_dMUS
_dCaSfIA
020 _a0590303821
020 _a9780590303828
035 _a(OCoLC)8924402
090 _aPZ7.M82714
_bHu 1978
100 1 _aMorressy, John.
245 1 4 _aThe drought on Ziax II ; and, The humans of Ziax II /
_h[electronic resource]
_cby John Morressy ; illustrated by Stanley Skardinski.
260 _aNew York :
_bScholastic,
_c1978,1974.
300 _a55 p., 49 p. ;
_c20 cm.
500 _aSecond title starts at the back of the book.
740 0 1 _aHumans of Ziax II.
029 1 _aAU@
_b000013852411
029 1 _aAU@
_b000013502568
856 4 1 _uhttp://www.archive.org/details/droughtonziaxiia00morr
_zFree eBook from the Internet Archive
856 4 2 _uhttp://www.openlibrary.org/books/OL24376086M
_zAdditional information and access via Open Library
942 _cEB
506 _fНеобхідна авторизація на https://archive.org/ (створення облікового запису безкоштовно)
506 _fНеобхідна авторизація на https://openlibrary.org/ (створення облікового запису безкоштовно)
999 _c490571
_d490571